| 000 | 00335nam a2200109Ia 4500 | ||
|---|---|---|---|
| 008 | 171204s9999 xx 000 0 und d | ||
| 245 | _aModern Communications Technology (De Gruyter Studium): | ||
| 245 | _cNatasa Zivic | ||
| 260 | _c2016 | ||
| 650 | _xCOMMUNICATION TECHNOLOGY | ||
| 856 | _uhttp://down.ebook777.com/038/9783110413373.pdf | ||
| 999 |
_c346035 _d346035 |
||